[Event "AUT-ch U14 Girls"]
[Site "Woerth"]
[Date "2014.06.07"]
[Round "2"]
[White "Busuioc, Alexandra"]
[Black "Widlhofer, Angela"]
[Result "1-0"]
[WhiteElo "1683"]
[BlackElo "1428"]
[PlyCount "73"]
[EventDate "2014.06.07"]
[EventType "swiss"]
[EventRounds "7"]
[EventCountry "AUT"]
[SourceTitle "EXT 2016"]
[Source "ChessBase"]
[SourceDate "2015.10.08"]
[SourceVersion "1"]
[SourceVersionDate "2015.10.08"]
[SourceQuality "1"]

1. e4 c5 2. Nf3 d6 3. d4 cxd4 4. Nxd4 Nf6 5. Nc3 g6 6. Be3 Bg7 7. f3 a6 8. Bc4 h5 9. Qd2 Nbd7 10. 0-0-0 Ne5 11. Bb3 Bd7 12. h3 Rc8 13. f4 Nc4 14. Bxc4 Rxc4 15. e5 dxe5 16. fxe5 Rxc3 17. Qxc3 Nd5 18. Qb3 Nxe3 19. e6 Qc7 20. exd7+ Qxd7 21. Rd3 0-0 22. Nf3 Qf5 23. Rxe3 Bh6 24. Rhe1 Rc8 25. Kb1 Bxe3 26. Rxe3 Qc5 27. Rc3 Qf5 28. Rxc8+ Qxc8 29. a3 Qd7 30. Qc4 b5 31. Qd4 Qe6 32. b3 Qe2 33. Qd2 Qe6 34. Kb2 Kg7 35. Qd4+ Qf6 36. Kc3 Qxd4+ 37. Kxd4 1-0

[Event "AUT-ch U12 Girls"]
[Site "Linz"]
[Date "2013.05.20"]
[Round "6"]
[White "Oberberger, Bianca"]
[Black "Widlhofer, Angela"]
[Result "0-1"]
[WhiteElo "1001"]
[BlackElo "1231"]
[PlyCount "74"]
[EventDate "2013.05.18"]
[EventType "swiss"]
[EventRounds "7"]
[EventCountry "AUT"]
[SourceTitle "EXT 2015"]
[Source "ChessBase"]
[SourceDate "2014.11.20"]
[SourceVersion "1"]
[SourceVersionDate "2014.11.20"]
[SourceQuality "1"]

1. e4 c6 2. d4 d5 3. exd5 cxd5 4. Nc3 Nf6 5. Nf3 Nc6 6. Bd3 Bg4 7. Be2 e6 8. 0-0 h5 9. Bf4 Bd6 10. Bxd6 Qxd6 11. Nb5 Qd8 12. Nc3 Qb6 13. Na4 Qc7 14. Bb5 a6 15. Be2 h4 16. Nd2 Bxe2 17. Qxe2 Nxd4 18. Qd3 Nxc2 19. Rac1 Rc8 20. Rxc2 Qxc2 21. Qxc2 Rxc2 22. Nb3 b5 23. Nb6 Rc6 24. Na8 0-0 25. Na5 Rd6 26. Nb7 Rd7 27. Nc5 Ra7 28. Nb6 Ne4 29. Ncd7 Rd8 30. Ne5 Rc7 31. Nbd7 f6 32. Nb6 fxe5 33. f3 Nf6 34. b3 Rb8 35. Na4 bxa4 36. bxa4 Rbc8 37. h3 Rc1 0-1

[Event "AUT-ch U12 Girls"]
[Site "Linz"]
[Date "2013.05.20"]
[Round "5"]
[White "Widlhofer, Angela"]
[Black "Lauda, Victoria"]
[Result "1-0"]
[WhiteElo "1231"]
[BlackElo "923"]
[PlyCount "107"]
[EventDate "2013.05.18"]
[EventType "swiss"]
[EventRounds "7"]
[EventCountry "AUT"]
[SourceTitle "EXT 2015"]
[Source "ChessBase"]
[SourceDate "2014.11.20"]
[SourceVersion "1"]
[SourceVersionDate "2014.11.20"]
[SourceQuality "1"]

1. e4 d5 2. Nc3 c6 3. exd5 cxd5 4. d4 e6 5. Nf3 Bb4 6. Bd2 Nf6 7. a3 Ba5 8. b4 Bb6 9. Bb5+ Nbd7 10. Qe2 a6 11. Ba4 0-0 12. Bg5 h6 13. Bh4 Qc7 14. Na2 a5 15. Bg3 Qd8 16. Nc3 axb4 17. axb4 Bc7 18. Bxc7 Qxc7 19. Qd3 e5 20. Nb5 Qd8 21. Nxe5 Nxe5 22. dxe5 Ne4 23. f3 Bf5 24. fxe4 Bxe4 25. Qd2 Qh4+ 26. g3 Qh5 27. Rf1 Qxe5 28. Qe2 Qxa1+ 29. Kf2 Qxa4 30. c4 Rfe8 31. Nc7 Re7 32. Nxd5 Re5 33. Nc3 Qa7+ 34. c5 b6 35. Nxe4 bxc5 36. bxc5 Rae8 37. Rc1 Qa3 38. Rc3 Rf5+ 39. Kg2 Qb4 40. Nf6+ Rxf6 41. Qxe8+ Kh7 42. Rc2 Qb3 43. Qe4+ g6 44. Rc1 Re6 45. Qf3 Qb2+ 46. Kh3 Qxc1 47. Qxf7+ Kh8 48. Qxe6 Kh7 49. Qf7+ Kh8 50. Qxg6 Qf1+ 51. Kh4 Qc4+ 52. Kh5 Qg8 53. Qxg8+ Kxg8 54. c6 1-0

[Event "AUT-ch U12 Girls"]
[Site "Linz"]
[Date "2013.05.18"]
[Round "2"]
[White "Widlhofer, Angela"]
[Black "Lymysalo, Venla"]
[Result "0-1"]
[WhiteElo "1231"]
[BlackElo "1609"]
[PlyCount "100"]
[EventDate "2013.05.18"]
[EventType "swiss"]
[EventRounds "7"]
[EventCountry "AUT"]
[SourceTitle "EXT 2015"]
[Source "ChessBase"]
[SourceDate "2014.11.20"]
[SourceVersion "1"]
[SourceVersionDate "2014.11.20"]
[SourceQuality "1"]

1. e4 c6 2. d4 d5 3. e5 e6 4. Nf3 c5 5. c4 cxd4 6. Nxd4 Nc6 7. Nxc6 bxc6 8. Nc3 Bc5 9. Qa4 Qb6 10. f3 Bd7 11. Qd1 Bf2+ 12. Ke2 Qd4 13. Qc2 Bh4 14. Qd3 Qxe5+ 15. Kd1 Qe1+ 16. Kc2 Ne7 17. Rb1 Qe5 18. g3 Bf6 19. f4 Qf5 20. h3 Rc8 21. Kd1 Qxd3+ 22. Bxd3 0-0 23. Ne2 c5 24. g4 Nc6 25. f5 Nb4 26. Nf4 Nxd3 27. Nxd3 dxc4 28. Nf4 exf5 29. Nd5 Bh4 30. Rg1 fxg4 31. hxg4 Ba4+ 32. b3 cxb3 33. axb3 Bb5 34. Bd2 Bc6 35. Rh1 Bd8 36. Rh5 g6 37. Re5 f6 38. Ne7+ Bxe7 39. Rxe7 Bf3+ 40. Kc1 Bxg4 41. Ra1 Ra8 42. b4 cxb4 43. Bxb4 Rf7 44. Ra6 Rxe7 45. Bxe7 f5 46. Kd2 Bh5 47. Ke3 Re8 48. Rxa7 Kf7 49. Kf4 Rxe7 50. Rxe7+ Kxe7 0-1

[Event "AUT-ch U12 Girls"]
[Site "Tschagguns"]
[Date "2012.05.29"]
[Round "7"]
[White "Widlhofer, Angela"]
[Black "Lymysalo, Venla"]
[Result "0-1"]
[WhiteElo "1056"]
[BlackElo "1534"]
[PlyCount "80"]
[EventDate "2012.05.26"]
[EventType "swiss"]
[EventRounds "7"]
[EventCountry "AUT"]
[SourceTitle "CBM 148 Extra"]
[Source "ChessBase"]
[SourceDate "2012.06.22"]
[SourceVersion "1"]
[SourceVersionDate "2012.06.22"]
[SourceQuality "1"]

1. e4 c6 2. c4 d5 3. exd5 cxd5 4. cxd5 Nf6 5. Nc3 Nxd5 6. Nxd5 Qxd5 7. Qf3 Qe5+ 8. Qe3 Nc6 9. Nf3 Qxe3+ 10. dxe3 Bf5 11. Nd4 Nxd4 12. exd4 0-0-0 13. Be3 e6 14. a3 Kb8 15. Rc1 Bd6 16. g3 Be4 17. Rg1 Rc8 18. Bf4 Bxf4 19. Rxc8+ Rxc8 20. gxf4 g6 21. h4 Rd8 22. Bg2 Rxd4 23. Bxe4 Rxe4+ 24. Kd2 Rxf4 25. Ke2 Rxh4 26. Rc1 Rf4 27. Ke3 g5 28. Rh1 Rh4 29. Rxh4 gxh4 30. Kf3 f5 31. Kg2 e5 32. Kh3 Kc7 33. Kxh4 Kd6 34. Kg5 Ke6 35. f3 e4 36. fxe4 fxe4 37. Kf4 Kd5 38. b4 b5 39. Kg5 e3 40. Kh6 e2 0-1

[Event "AUT-ch U12 Girls"]
[Site "Tschagguns"]
[Date "2012.05.27"]
[Round "4"]
[White "Apfelthaler, Sandra"]
[Black "Widlhofer, Angela"]
[Result "1/2-1/2"]
[WhiteElo "1162"]
[BlackElo "1056"]
[PlyCount "123"]
[EventDate "2012.05.26"]
[EventType "swiss"]
[EventRounds "7"]
[EventCountry "AUT"]
[SourceTitle "CBM 148 Extra"]
[Source "ChessBase"]
[SourceDate "2012.06.22"]
[SourceVersion "1"]
[SourceVersionDate "2012.06.22"]
[SourceQuality "1"]

1. e4 c5 2. Nf3 e6 3. Nc3 Nf6 4. Bb5 Nc6 5. d3 d6 6. Bg5 Be7 7. 0-0 0-0 8. Bxc6 bxc6 9. e5 dxe5 10. Nxe5 Bd7 11. d4 Qc7 12. Re1 Bd6 13. Bxf6 gxf6 14. Nxd7 Qxd7 15. Ne4 Qe7 16. Nxd6 Qxd6 17. Re3 Kh8 18. Rh3 Qd5 19. Qh5 Qe4 20. Rh4 Qxc2 21. dxc5 Rad8 22. g3 Qg6 23. Re1 Rde8 24. f4 Qxh5 25. Rxh5 Re7 26. f5 Rfe8 27. fxe6 fxe6 28. Re4 f5 29. Re5 Kg7 30. g4 Kf6 31. Re2 fxg4 32. Rf2+ Kg6 33. Re5 h5 34. Rg2 Rg8 35. h3 Kf6 36. Rxh5 Reg7 37. Rxg4 Rxg4+ 38. hxg4 Rxg4+ 39. Kf2 Rc4 40. Rh7 a5 41. Rh5 Rc2+ 42. Ke3 Rxb2 43. Rh7 Rxa2 44. Rc7 a4 45. Rxc6 Rb2 46. Ra6 Rb4 47. c6 Ke7 48. Ra7+ Kd6 49. c7 Rc4 50. Kd3 Rxc7 51. Rxa4 Rd7 52. Ra6+ Ke7+ 53. Ke4 Rd6 54. Ra7+ Kf6 55. Rh7 e5 56. Rh6+ Ke7 57. Rh7+ Ke6 58. Rh6+ Kd7 59. Rh7+ Kc6 60. Kxe5 Rd5+ 61. Ke6 Rd6+ 62. Ke5 1/2-1/2

[Event "AUT-ch U12 Girls"]
[Site "Tschagguns"]
[Date "2012.05.26"]
[Round "2"]
[White "Widlhofer, Angela"]
[Black "Halwachs, Juliane"]
[Result "0-1"]
[WhiteElo "1056"]
[BlackElo "1258"]
[PlyCount "42"]
[EventDate "2012.05.26"]
[EventType "swiss"]
[EventRounds "7"]
[EventCountry "AUT"]
[SourceTitle "CBM 148 Extra"]
[Source "ChessBase"]
[SourceDate "2012.06.22"]
[SourceVersion "1"]
[SourceVersionDate "2012.06.22"]
[SourceQuality "1"]

1. e4 e5 2. Nf3 Nc6 3. Bc4 Be7 4. Nc3 d6 5. h3 Nf6 6. d3 0-0 7. Qe2 Bd7 8. Nd5 a6 9. Be3 b5 10. Nxf6+ Bxf6 11. Bd5 Rb8 12. Bxc6 Bxc6 13. Qd2 Qc8 14. Bh6 gxh6 15. Qxh6 Bg7 16. Qh5 Qe6 17. Ng5 Qh6 18. Qg4 Qg6 19. h4 f6 20. h5 Qxg5 21. Qxg5 fxg5 0-1